Sports Quiz

Random Sports or NCAA Quiz
Score 0/93 Timer 20:00
0 Plays Today
Conference Answer % Correct
ACCClavin Johnson
91.5%
ACCAndre Williams
90.8%
PAC 12Alex Smith
89.4%
ACCLarry Fitzgerald
89.2%
ACCMichael Vick
88.3%
OTHERMcKenzie Milton
87.4%
SECTim Tebow
87.4%
SECEli Manning
87.2%
SECPeyton Manning
87.2%
BIG 10Ndamukong Suh
85.4%
BIG 10Drew Brees
85.2%
PAC 12Aaron Rodgers
84.9%
SECJohnny Manziel
84.7%
BIG 10Jabrill Peppers
82.9%
ACCPhilip Rivers
82.7%
ACCLawrence & Etienne
82.2%
BIG 12Michael Crabtree
81.3%
PAC 12Bryce Love
81.3%
OTHERManti Te'o
81.1%
OTHERDarrell Henderson
80.4%
ACCDalvin Cook
80.2%
BIG 10Fields, Young & Dobbins Young
78.9%
ACCJulius Peppers
78.4%
BIG 10Jonathan Taylor
78.4%
BIG 12Jalen Hurts
78.2%
SECJadeveon Clowney
78%
BIG 10Ray Rice
76.4%
MACBen Roethlisberger
76%
SECJoe Burrow
75.1%
BIG 12Bryce Petty
74.6%
ACCWillis McGahee & Ken Dorsey
73.9%
Conference Answer % Correct
BIG 12D'Onta Foreman
72.6%
MWCDerek Carr
72.6%
MWCColin Kaepernick
72.4%
SECTua Tagovailoa
70.3%
SECRoquan Smith
70.1%
BIG 10Saquon Barkley
69.9%
OTHEREric Dickerson
68.3%
SECKerryon Johnson
67.4%
BIG 12Trevone Boykin
67%
BIG 12Chuba Hubbard
66.3%
OTHERKellen Moore
66.3%
SECTim Couch
65.4%
OTHERCase Keenum
64.9%
MWCColt Brennan
64.5%
USAByron Leftwich
64.3%
OTHERTy Detmer
63.8%
SECChase Daniel
63.6%
SECRyan Mallett
63.6%
PAC 12Marcus Mariota
60.9%
BIG 12Will Grier
60.2%
ACCChris Long
60%
PAC 12Marqise Lee
60%
BIG 12Collin Klein
58.7%
ACCLamar Jackson
57.5%
BIG 12Troy Davis
57.3%
MACNate Davis
57.1%
BIG 10Shonn Greene
56.9%
OTHERRashard Penny
56%
PAC 12Jake Plummer
53.5%
PAC 12Scooby Wright
52.9%
ACCDwight Freeney
52.6%
Conference Answer % Correct
BIG 10Tevin Coleman
52.6%
PAC 12Chris Brown
51.9%
BIG 10Connor Cook
50.8%
MACJordan Lynch
50.6%
BIG 10Boomer Esiason
41.8%
SECDak Prescott
40.4%
PAC 12Jake Browning
34.6%
OTHERKeenan Reynolds
33%
USAShaun King
31.9%
BIG 10Damien Anderson
29.2%
OTHERMardy Gilyard
26.7%
PAC 12Gardner Minshew
25.8%
BIG 10Bob Bell
24.5%
USATim Rattay
24.5%
MWCMarcus Harris
23.6%
OTHERPaul Palmer
22.7%
PAC 12Drew Olson
18.4%
BIG 10Tony Eason
17.8%
MWCMerlin Olsen
17.8%
USAJeff Blake
17.1%
PAC 12Ken Simonton
16.4%
ACCBrian Piccolo
9.2%
MWCBeau Morgan
8.3%
USATommy Kramer
5.8%
USAHoward Twilley
4.9%
USAReggie Collier
2.9%
BIG 12Dave Jaynes
2.7%
OTHERMike Mayweather
2.5%
MACBrian McClure
2.5%
ACCJay Wilkinson
1.8%
MACGene Swick
1.3%
Remove Ads.
Support Sporcle.
Get the best of Sporcle when you Go Orange. This ad-free experience offers more features, more stats, and more fun while also helping to support Sporcle. Thank you for becoming a member.

You're not logged in!

Compare scores with friends on all Sporcle quizzes.
OR
Log In

Show Comments

Extras

Top Quizzes Today


Score Distribution

Your Account Isn't Verified!

In order to create a playlist on Sporcle, you need to verify the email address you used during registration. Go to your Sporcle Settings to finish the process.

Report this User

Report this user for behavior that violates our Community Guidelines.

Details: